[Event "DEM U16w 2020"]
[Site "Willingen GER"]
[Date "2020.10.23"]
[Round "5"]
[White "Kalina, Lena"]
[Black "Schnabel, Luise"]
[Result "1/2-1/2"]
[Termination "normal"]
[Board "5"]
[WhiteElo "1561"]
[BlackElo "1867"]
[WhiteClock "00:05:08"]
[BlackClock "00:00:57"]
[PlyCount "122"]
[WhiteFideId "12988014"]
[BlackFideId "12943347"]
[EventCountry "GER"]
[EventRounds "7"]
[EventType "swiss"]
[EventDate "2020.10.19"]

1. c4 {[%clk 1:30:54]} Nf6 {[%clk 1:30:30]} 2. Nc3 {[%clk 1:31:13]} g6 {[%clk
1:30:18]} 3. g3 {[%clk 1:31:13]} Bg7 {[%clk 1:28:53]} 4. Bg2 {[%clk 1:31:11]}
O-O {[%clk 1:27:50]} 5. e4 {[%clk 1:30:21]} e5 {[%clk 1:23:35]} 6. Nge2 {[%clk
1:28:36]} d6 {[%clk 1:18:58]} 7. O-O {[%clk 1:26:34]} Nc6 {[%clk 1:15:57]} 8.
d3 {[%clk 1:25:55]} Nd7 {[%clk 1:11:09]} 9. Be3 {[%clk 1:23:10]} Nc5 {[%clk
1:07:33]} 10. b3 {[%clk 1:14:42]} Bd7 {[%clk 0:53:12]} 11. Rc1 {[%clk 1:07:41]}
Qc8 {[%clk 0:47:54]} 12. d4 {[%clk 1:04:24]} exd4 {[%clk 0:41:40]} 13. Nxd4
{[%clk 1:03:38]} Ne5 {[%clk 0:36:39]} 14. Nd5 {[%clk 0:54:21]} Qd8 {[%clk
0:35:45]} 15. b4 {[%clk 0:48:44]} Na6 {[%clk 0:31:50]} 16. a3 {[%clk 0:40:33]}
c6 {[%clk 0:27:10]} 17. Nf4 {[%clk 0:40:11]} Ng4 {[%clk 0:24:46]} 18. Nc2
{[%clk 0:38:32]} Nxe3 {[%clk 0:24:04]} 19. Nxe3 {[%clk 0:38:27]} Qe7 {[%clk
0:17:36]} 20. Qb3 {[%clk 0:33:51]} Be6 {[%clk 0:15:22]} 21. Nxe6 {[%clk
0:28:23]} fxe6 {[%clk 0:11:07]} 22. Rcd1 {[%clk 0:23:02]} Kh8 {[%clk 0:09:22]}
23. Rd2 {[%clk 0:21:36]} Rad8 {[%clk 0:07:50]} 24. Rfd1 {[%clk 0:20:59]} Rd7
{[%clk 0:06:55]} 25. Nc2 {[%clk 0:18:21]} Nc7 {[%clk 0:05:12]} 26. Nd4 {[%clk
0:17:25]} e5 {[%clk 0:04:27]} 27. Nc2 {[%clk 0:16:41]} Rdd8 {[%clk 0:04:28]}
28. Qe3 {[%clk 0:10:35]} a6 {[%clk 0:03:03]} 29. Rd3 {[%clk 0:09:21]} Ne8
{[%clk 0:01:14]} 30. c5 {[%clk 0:08:35]} Rf6 {[%clk 0:01:03]} 31. Qd2 {[%clk
0:06:23]} Qf8 {[%clk 0:01:02]} 32. f3 Bh6 {[%clk 0:01:07]} 33. Qe2 {[%clk
0:05:46]} Nc7 {[%clk 0:01:09]} 34. Ne3 {[%clk 0:04:58]} Bxe3+ {[%clk 0:01:25]}
35. Qxe3 {[%clk 0:05:13]} Nb5 {[%clk 0:01:43]} 36. Qd2 {[%clk 0:04:27]} h6
{[%clk 0:01:04]} 37. a4 {[%clk 0:03:59]} Nd4 {[%clk 0:00:54]} 38. f4 {[%clk
0:03:04]} dxc5 {[%clk 0:00:45]} 39. fxe5 {[%clk 0:02:46]} Nf3+ {[%clk 0:00:42]}
40. Bxf3 {[%clk 0:02:39]} Rxd3 {[%clk 0:00:54]} 41. Qxd3 {[%clk 0:01:51]} Rxf3
{[%clk 0:29:54]} 42. Qd7 {[%clk 0:26:27]} Rf7 {[%clk 0:22:24]} 43. Qd6 {[%clk
0:24:33]} cxb4 {[%clk 0:17:08]} 44. Qxg6 {[%clk 0:22:31]} b3 {[%clk 0:12:35]}
45. Rb1 {[%clk 0:18:36]} Rf3 {[%clk 0:10:12]} 46. Qe6 {[%clk 0:17:00]} h5
{[%clk 0:06:03]} 47. Qc4 {[%clk 0:11:36]} b5 {[%clk 0:03:48]} 48. Qxc6 {[%clk
0:09:47]} bxa4 {[%clk 0:03:59]} 49. Qxa4 {[%clk 0:08:46]} Qc5+ {[%clk 0:03:48]}
50. Kh1 {[%clk 0:07:48]} Qxe5 {[%clk 0:03:26]} 51. Rxb3 {[%clk 0:06:57]} Rxb3
{[%clk 0:03:06]} 52. Qxb3 {[%clk 0:07:20]} Qxe4+ {[%clk 0:03:26]} 53. Kg1
{[%clk 0:07:41]} Qe5 {[%clk 0:01:29]} 54. Qb6 {[%clk 0:06:02]} a5 {[%clk
0:01:05]} 55. Qh6+ {[%clk 0:05:44]} Kg8 {[%clk 0:01:26]} 56. Qg6+ {[%clk
0:06:08]} Kf8 {[%clk 0:01:29]} 57. Qc6 {[%clk 0:05:27]} Ke7 {[%clk 0:01:04]}
58. Qb7+ {[%clk 0:04:43]} Kf6 {[%clk 0:00:52]} 59. Qc6+ {[%clk 0:04:42]} Kf5
{[%clk 0:00:53]} 60. Qf3+ {[%clk 0:04:55]} Ke6 {[%clk 0:01:04]} 61. Qc6+ {[%clk
0:05:08]} Ke7 {[%clk 0:00:57]} 1/2-1/2

[Event "DEM U16w 2020"]
[Site "Willingen GER"]
[Date "2020.10.23"]
[Round "5"]
[White "Basovskiy, Jana"]
[Black "Doll, Rebecca"]
[Result "1/2-1/2"]
[Termination "normal"]
[Board "6"]
[WhiteElo "1760"]
[BlackElo "1808"]
[WhiteClock "00:03:17"]
[BlackClock "00:01:45"]
[PlyCount "71"]
[WhiteFideId "16208617"]
[BlackFideId "16236890"]
[EventCountry "GER"]
[EventRounds "7"]
[EventType "swiss"]
[EventDate "2020.10.19"]

1. e4 {[%clk 1:30:58]} e5 {[%clk 1:30:54]} 2. Nf3 {[%clk 1:31:24]} Nc6 {[%clk
1:31:20]} 3. Bb5 {[%clk 1:31:50]} a6 {[%clk 1:31:45]} 4. Bxc6 {[%clk 1:32:16]}
dxc6 {[%clk 1:32:07]} 5. O-O {[%clk 1:32:40]} Bg4 {[%clk 1:32:04]} 6. h3 {[%clk
1:33:04]} h5 {[%clk 1:32:24]} 7. d3 {[%clk 1:33:27]} Qf6 {[%clk 1:32:12]} 8.
Be3 {[%clk 1:33:46]} Bxf3 {[%clk 1:30:59]} 9. Qxf3 {[%clk 1:34:11]} Qxf3 {[%clk
1:31:15]} 10. gxf3 {[%clk 1:34:39]} Bd6 {[%clk 1:30:49]} 11. Nd2 {[%clk
1:35:00]} Ne7 {[%clk 1:29:12]} 12. Rfd1 {[%clk 1:35:16]} Ng6 {[%clk 1:25:47]}
13. Kf1 {[%clk 1:35:23]} O-O-O {[%clk 1:14:53]} 14. Nc4 {[%clk 1:30:18]} Rhf8
{[%clk 1:02:30]} 15. d4 {[%clk 1:07:47]} exd4 {[%clk 0:50:32]} 16. Rxd4 {[%clk
1:07:33]} Bf4 {[%clk 0:49:27]} 17. Rad1 {[%clk 1:04:44]} Rxd4 {[%clk 0:46:40]}
18. Bxd4 {[%clk 0:57:26]} Rd8 {[%clk 0:44:05]} 19. Ke2 {[%clk 0:55:31]} f6
{[%clk 0:41:55]} 20. c3 {[%clk 0:41:58]} Bg5 {[%clk 0:32:16]} 21. Be3 {[%clk
0:36:45]} Nf4+ {[%clk 0:24:58]} 22. Bxf4 {[%clk 0:32:32]} Bxf4 {[%clk 0:22:04]}
23. Ne3 {[%clk 0:30:36]} g5 {[%clk 0:19:25]} 24. Nf5 {[%clk 0:20:58]} Rxd1
{[%clk 0:19:03]} 25. Kxd1 Kd7 {[%clk 0:18:53]} 26. Ng3 {[%clk 0:18:17]} h4
{[%clk 0:18:20]} 27. Ne2 {[%clk 0:18:42]} Bd6 {[%clk 0:15:12]} 28. Nc1 {[%clk
0:17:38]} c5 {[%clk 0:11:01]} 29. c4 {[%clk 0:13:07]} Bf4 {[%clk 0:10:39]} 30.
Nd3 {[%clk 0:12:57]} Kd6 {[%clk 0:10:20]} 31. Ke2 {[%clk 0:09:04]} b5 {[%clk
0:01:31]} 32. b3 {[%clk 0:09:27]} Kc6 {[%clk 0:01:42]} 33. Kd1 {[%clk 0:08:00]}
Kb6 {[%clk 0:01:34]} 34. Ke2 {[%clk 0:07:22]} c6 {[%clk 0:01:19]} 35. Kd1
{[%clk 0:03:17]} a5 {[%clk 0:01:45]} 36. a4 1/2-1/2

[Event "DEM U16w 2020"]
[Site "Willingen GER"]
[Date "2020.10.24"]
[Round "7"]
[White "Bardorz, Jana"]
[Black "Brunner, Sophia"]
[Result "1/2-1/2"]
[Termination "normal"]
[Board "1"]
[WhiteElo "1960"]
[BlackElo "1850"]
[WhiteClock "00:22:02"]
[BlackClock "00:17:11"]
[PlyCount "56"]
[WhiteFideId "16208897"]
[BlackFideId "12960683"]
[EventCountry "GER"]
[EventRounds "7"]
[EventType "swiss"]
[EventDate "2020.10.19"]

1. e4 {[%clk 1:30:58]} c6 {[%clk 1:30:48]} 2. d4 {[%clk 1:31:20]} d5 {[%clk
1:30:57]} 3. exd5 {[%clk 1:31:20]} cxd5 {[%clk 1:31:20]} 4. Bd3 {[%clk
1:31:27]} Nc6 {[%clk 1:31:45]} 5. c3 {[%clk 1:31:53]} Qc7 {[%clk 1:32:08]} 6.
Ne2 {[%clk 1:30:46]} Bg4 {[%clk 1:32:28]} 7. O-O {[%clk 1:30:54]} e6 {[%clk
1:32:46]} 8. Qe1 {[%clk 1:29:47]} Bxe2 {[%clk 1:33:05]} 9. Qxe2 {[%clk
1:28:48]} Nf6 {[%clk 1:33:23]} 10. Be3 {[%clk 1:16:47]} Bd6 {[%clk 1:30:41]}
11. f4 {[%clk 1:14:02]} h5 {[%clk 1:15:23]} 12. g3 {[%clk 1:10:51]} Ng4 {[%clk
1:09:07]} 13. Nd2 {[%clk 1:08:08]} g6 {[%clk 1:03:05]} 14. Nf3 {[%clk 1:03:33]}
Nxe3 {[%clk 0:52:58]} 15. Qxe3 {[%clk 1:03:56]} O-O-O {[%clk 0:52:04]} 16. b4
{[%clk 0:56:09]} Kb8 {[%clk 0:46:18]} 17. Rab1 {[%clk 0:49:03]} Ne7 {[%clk
0:41:16]} 18. c4 {[%clk 0:42:55]} dxc4 {[%clk 0:38:56]} 19. Rfc1 {[%clk
0:41:32]} Nd5 {[%clk 0:33:55]} 20. Qf2 {[%clk 0:40:05]} b5 {[%clk 0:29:55]} 21.
a4 {[%clk 0:38:40]} a6 {[%clk 0:27:56]} 22. axb5 {[%clk 0:35:53]} axb5 {[%clk
0:27:10]} 23. Ra1 {[%clk 0:34:01]} Kb7 {[%clk 0:20:46]} 24. Be4 {[%clk
0:27:12]} Ra8 {[%clk 0:20:00]} 25. Qd2 {[%clk 0:25:32]} Rxa1 {[%clk 0:19:19]}
26. Rxa1 {[%clk 0:25:57]} Ra8 {[%clk 0:19:36]} 27. Rxa8 {[%clk 0:24:04]} Kxa8
{[%clk 0:20:04]} 28. Ne1 {[%clk 0:22:02]} Kb8 {[%clk 0:17:11]} 1/2-1/2

[Event "DEM U16w 2020"]
[Site "Willingen GER"]
[Date "2020.10.24"]
[Round "7"]
[White "Peglau, Mirjam"]
[Black "Butenandt, Svenja"]
[Result "1/2-1/2"]
[Termination "normal"]
[Board "2"]
[WhiteElo "1909"]
[BlackElo "1986"]
[WhiteClock "00:22:21"]
[BlackClock "00:23:06"]
[PlyCount "55"]
[WhiteFideId "16211138"]
[BlackFideId "12993859"]
[EventCountry "GER"]
[EventRounds "7"]
[EventType "swiss"]
[EventDate "2020.10.19"]

1. d4 {[%clk 1:30:58]} Nf6 {[%clk 1:30:54]} 2. c4 {[%clk 1:31:24]} e6 {[%clk
1:31:20]} 3. Nc3 {[%clk 1:31:45]} Bb4 {[%clk 1:31:46]} 4. e3 {[%clk 1:31:57]}
O-O {[%clk 1:32:09]} 5. Nge2 {[%clk 1:31:34]} d5 {[%clk 1:32:21]} 6. a3 {[%clk
1:31:24]} Be7 {[%clk 1:32:37]} 7. Ng3 {[%clk 1:31:11]} c5 {[%clk 1:19:52]} 8.
dxc5 {[%clk 1:22:32]} Bxc5 {[%clk 1:15:09]} 9. cxd5 {[%clk 1:17:23]} exd5
{[%clk 1:15:29]} 10. Be2 {[%clk 1:16:35]} a5 {[%clk 1:12:43]} 11. O-O {[%clk
1:14:40]} Nc6 {[%clk 1:10:29]} 12. e4 {[%clk 0:54:36]} d4 {[%clk 1:04:21]} 13.
Na4 {[%clk 0:50:35]} Ba7 {[%clk 1:03:40]} 14. b3 {[%clk 0:45:46]} Re8 {[%clk
0:56:45]} 15. Bd3 {[%clk 0:45:24]} Ne5 {[%clk 0:54:41]} 16. Bf4 {[%clk
0:40:43]} Nxd3 {[%clk 0:51:50]} 17. Qxd3 {[%clk 0:41:12]} Qe7 {[%clk 0:50:57]}
18. f3 {[%clk 0:38:52]} Bd7 {[%clk 0:48:44]} 19. Kh1 {[%clk 0:36:28]} b5 {[%clk
0:42:57]} 20. Nb2 {[%clk 0:36:57]} Rac8 {[%clk 0:34:19]} 21. Ne2 {[%clk
0:35:06]} Qc5 {[%clk 0:29:05]} 22. Rfc1 {[%clk 0:34:19]} Qb6 {[%clk 0:29:24]}
23. Rd1 {[%clk 0:32:15]} Be6 {[%clk 0:28:26]} 24. Bg3 {[%clk 0:28:59]} Qc5
{[%clk 0:24:17]} 25. Rdc1 {[%clk 0:26:52]} Qb6 {[%clk 0:23:39]} 26. Rd1 {[%clk
0:23:57]} Qc5 {[%clk 0:22:51]} 27. Rdc1 {[%clk 0:22:13]} Qb6 {[%clk 0:23:06]}
28. Rd1 {[%clk 0:22:21]} 1/2-1/2

[Event "DEM U16w 2020"]
[Site "Willingen GER"]
[Date "2020.10.24"]
[Round "7"]
[White "Heutling, Elina"]
[Black "Reuter, Elisa"]
[Result "1-0"]
[Termination "normal"]
[Board "3"]
[WhiteElo "1873"]
[BlackElo "1860"]
[WhiteClock "00:03:40"]
[BlackClock "00:46:10"]
[PlyCount "131"]
[WhiteFideId "16244729"]
[BlackFideId "12995444"]
[EventCountry "GER"]
[EventRounds "7"]
[EventType "swiss"]
[EventDate "2020.10.19"]

1. e4 c5 2. Nf3 Nc6 3. d4 cxd4 4. Nxd4 g6 5. Nc3 Bg7 6. Be3 Nf6 7. Bc4 {[%clk
1:32:13]} Qa5 {[%clk 1:33:35]} 8. O-O {[%clk 1:31:57]} O-O {[%clk 1:33:58]} 9.
Bb3 {[%clk 1:32:13]} d6 {[%clk 1:34:23]} 10. h3 {[%clk 1:31:35]} Bd7 {[%clk
1:34:49]} 11. Re1 {[%clk 1:31:34]} Rac8 {[%clk 1:34:49]} 12. Nf3 {[%clk
1:30:39]} Qh5 {[%clk 1:28:21]} 13. Qe2 {[%clk 1:30:03]} a6 {[%clk 1:20:47]} 14.
Rad1 {[%clk 1:22:25]} Ne5 {[%clk 0:51:14]} 15. Nxe5 {[%clk 1:21:03]} Qxe2
{[%clk 0:50:16]} 16. Rxe2 {[%clk 1:20:20]} dxe5 {[%clk 0:50:41]} 17. Red2
{[%clk 1:07:22]} Bc6 {[%clk 0:50:14]} 18. f3 {[%clk 1:07:11]} e6 {[%clk
0:45:09]} 19. Na4 {[%clk 1:03:28]} Bxa4 {[%clk 0:42:16]} 20. Bxa4 {[%clk
1:03:51]} b5 {[%clk 0:42:22]} 21. Bb3 {[%clk 1:04:10]} Rfe8 {[%clk 0:42:00]}
22. Bb6 {[%clk 0:56:54]} Bf8 {[%clk 0:41:42]} 23. a4 {[%clk 0:52:31]} Bc5+
{[%clk 0:40:35]} 24. Bxc5 {[%clk 0:52:57]} Rxc5 {[%clk 0:40:59]} 25. Rd6 {[%clk
0:50:45]} bxa4 {[%clk 0:37:05]} 26. Bxa4 {[%clk 0:50:54]} Rb8 {[%clk 0:37:03]}
27. Rd8+ {[%clk 0:44:30]} Rxd8 {[%clk 0:37:25]} 28. Rxd8+ {[%clk 0:44:56]} Kg7
{[%clk 0:37:49]} 29. Ra8 {[%clk 0:37:27]} Ra5 {[%clk 0:37:06]} 30. b3 {[%clk
0:37:23]} Nh5 {[%clk 0:36:01]} 31. Kf2 {[%clk 0:24:40]} Nf4 {[%clk 0:34:26]}
32. h4 {[%clk 0:19:12]} Rc5 {[%clk 0:33:06]} 33. c4 {[%clk 0:17:50]} Nd3+
{[%clk 0:32:31]} 34. Ke2 {[%clk 0:18:07]} Nb4 {[%clk 0:32:46]} 35. Kd2 {[%clk
0:16:14]} Rc7 {[%clk 0:29:55]} 36. Rb8 {[%clk 0:14:50]} a5 {[%clk 0:29:16]} 37.
Ra8 {[%clk 0:14:41]} Rc5 {[%clk 0:29:29]} 38. Bb5 {[%clk 0:14:53]} Nc6 {[%clk
0:28:35]} 39. Rc8 {[%clk 0:14:53]} Nd4 {[%clk 0:28:56]} 40. Ra8 {[%clk
0:08:31]} Nxb5 {[%clk 0:29:15]} 41. cxb5 {[%clk 0:08:48]} Rxb5 {[%clk 0:29:43]}
42. Kc3 {[%clk 0:08:57]} Rc5+ {[%clk 0:28:50]} 43. Kb2 {[%clk 0:09:10]} Kf6
{[%clk 0:29:02]} 44. Ra7 {[%clk 0:01:01]} h6 {[%clk 0:28:06]} 45. Rd7 {[%clk
0:30:17]} Kg7 {[%clk 0:53:40]} 46. Rd3 {[%clk 0:28:46]} Kf6 {[%clk 0:52:54]}
47. Rc3 {[%clk 0:28:03]} Rb5 {[%clk 0:45:47]} 48. Ka3 {[%clk 0:26:04]} Rb4
{[%clk 0:45:33]} 49. Rc5 {[%clk 0:25:23]} Rd4 {[%clk 0:45:48]} 50. Rxa5 {[%clk
0:24:20]} Rd2 {[%clk 0:46:12]} 51. b4 {[%clk 0:23:24]} Rxg2 {[%clk 0:46:36]}
52. b5 {[%clk 0:17:03]} Rg3 {[%clk 0:46:18]} 53. b6 {[%clk 0:16:53]} Rxf3+
{[%clk 0:46:46]} 54. Kb4 {[%clk 0:13:35]} Rf1 {[%clk 0:46:27]} 55. Rb5 {[%clk
0:07:23]} Rb1+ {[%clk 0:46:32]} 56. Kc5 {[%clk 0:07:20]} Rc1+ {[%clk 0:46:59]}
57. Kd6 {[%clk 0:07:33]} Rc8 {[%clk 0:47:27]} 58. Rxe5 {[%clk 0:06:51]} Rb8
{[%clk 0:47:46]} 59. Rb5 {[%clk 0:07:13]} g5 {[%clk 0:47:12]} 60. hxg5+ {[%clk
0:05:33]} hxg5 {[%clk 0:47:37]} 61. Kc7 {[%clk 0:04:36]} Rxb6 {[%clk 0:48:00]}
62. Kxb6 {[%clk 0:04:53]} e5 {[%clk 0:46:50]} 63. Kc6 {[%clk 0:04:05]} Ke6
{[%clk 0:46:38]} 64. Rd5 {[%clk 0:03:19]} g4 {[%clk 0:45:52]} 65. Rd6+ {[%clk
0:03:20]} Ke7 {[%clk 0:46:10]} 66. Rh6 {[%clk 0:03:40]} 1-0

[Event "DEM U16w 2020"]
[Site "Willingen GER"]
[Date "2020.10.24"]
[Round "7"]
[White "Rudolph, Eva"]
[Black "Falke, Ornella"]
[Result "1-0"]
[Termination "normal"]
[Board "4"]
[WhiteElo "1836"]
[BlackElo "1500"]
[WhiteClock "00:14:39"]
[BlackClock "00:12:24"]
[PlyCount "91"]
[WhiteFideId "16200594"]
[BlackFideId "16207092"]
[EventCountry "GER"]
[EventRounds "7"]
[EventType "swiss"]
[EventDate "2020.10.19"]

1. e4 {[%clk 1:30:57]} c5 {[%clk 1:30:54]} 2. Nf3 {[%clk 1:31:20]} d6 {[%clk
1:31:14]} 3. d4 {[%clk 1:29:21]} cxd4 {[%clk 1:31:38]} 4. Nxd4 {[%clk 1:29:22]}
Nf6 {[%clk 1:31:46]} 5. Nc3 {[%clk 1:27:07]} g6 {[%clk 1:32:06]} 6. Bc4 {[%clk
1:21:02]} Bg7 {[%clk 1:31:57]} 7. h3 {[%clk 1:16:03]} Nc6 {[%clk 1:31:14]} 8.
Be3 {[%clk 1:14:25]} Bd7 {[%clk 1:30:00]} 9. Bb3 {[%clk 1:12:55]} O-O {[%clk
1:27:25]} 10. O-O {[%clk 1:12:55]} Rc8 {[%clk 1:23:54]} 11. Qd2 {[%clk
1:10:36]} a6 {[%clk 1:21:10]} 12. a4 {[%clk 1:08:05]} Na5 {[%clk 1:19:10]} 13.
Rfe1 {[%clk 1:01:40]} Nc4 {[%clk 1:16:22]} 14. Bxc4 {[%clk 0:59:23]} Rxc4
{[%clk 1:16:43]} 15. a5 {[%clk 0:44:26]} Qc8 {[%clk 1:10:19]} 16. Qd3 {[%clk
0:33:34]} Rd8 {[%clk 0:55:24]} 17. Nb3 {[%clk 0:28:33]} Be6 {[%clk 0:34:52]}
18. Bb6 {[%clk 0:22:12]} Rd7 {[%clk 0:34:39]} 19. Nd4 {[%clk 0:20:47]} Nh5
{[%clk 0:29:52]} 20. Rad1 {[%clk 0:15:21]} Nf4 {[%clk 0:26:37]} 21. Qf3 {[%clk
0:13:54]} Bh6 {[%clk 0:20:10]} 22. Nce2 {[%clk 0:11:39]} Nxe2+ {[%clk 0:18:03]}
23. Rxe2 {[%clk 0:11:38]} d5 {[%clk 0:17:00]} 24. e5 {[%clk 0:11:27]} Bf5
{[%clk 0:14:41]} 25. Nxf5 {[%clk 0:10:07]} gxf5 {[%clk 0:15:01]} 26. Qxf5
{[%clk 0:09:32]} e6 {[%clk 0:14:48]} 27. Qd3 {[%clk 0:07:52]} Re7 {[%clk
0:14:33]} 28. c3 {[%clk 0:06:31]} Re8 {[%clk 0:14:21]} 29. Qg3+ {[%clk
0:05:53]} Kh8 {[%clk 0:13:50]} 30. Be3 {[%clk 0:04:43]} Rg8 {[%clk 0:11:59]}
31. Qf3 {[%clk 0:04:52]} Qf8 {[%clk 0:09:32]} 32. Rd4 {[%clk 0:03:06]} Rc7
{[%clk 0:04:26]} 33. Rh4 {[%clk 0:02:17]} Rg6 {[%clk 0:03:03]} 34. Qh5 {[%clk
0:01:44]} Qg8 {[%clk 0:02:57]} 35. g3 {[%clk 0:00:56]} Bxe3 {[%clk 0:01:22]}
36. Rxe3 {[%clk 0:01:23]} Rg5 {[%clk 0:01:26]} 37. Qf3 {[%clk 0:01:17]} Qg7
{[%clk 0:01:44]} 38. Qe2 {[%clk 0:01:07]} Rc5 {[%clk 0:01:29]} 39. b4 {[%clk
0:00:52]} Rc7 {[%clk 0:01:42]} 40. Kg2 {[%clk 0:01:00]} Qg6 {[%clk 0:00:52]}
41. Rf4 {[%clk 0:21:55]} Qb1 {[%clk 0:25:48]} 42. Rd4 {[%clk 0:19:48]} Kg7
{[%clk 0:18:44]} 43. h4 {[%clk 0:16:33]} Rg6 {[%clk 0:18:16]} 44. h5 {[%clk
0:15:58]} Rh6 {[%clk 0:12:08]} 45. Qg4+ {[%clk 0:15:03]} Kf8 {[%clk 0:12:24]}
46. Qg5 {[%clk 0:14:39]} 1-0

[Event "DEM U16w 2020"]
[Site "Willingen GER"]
[Date "2020.10.24"]
[Round "7"]
[White "Basovskiy, Jana"]
[Black "Schnabel, Luise"]
[Result "0-1"]
[Termination "normal"]
[Board "5"]
[WhiteElo "1760"]
[BlackElo "1867"]
[WhiteClock "00:13:22"]
[BlackClock "00:07:13"]
[PlyCount "96"]
[WhiteFideId "16208617"]
[BlackFideId "12943347"]
[EventCountry "GER"]
[EventRounds "7"]
[EventType "swiss"]
[EventDate "2020.10.19"]

1. e4 {[%clk 1:30:59]} c5 {[%clk 1:30:41]} 2. Nf3 {[%clk 1:31:20]} d6 {[%clk
1:31:00]} 3. Bb5+ {[%clk 1:31:35]} Nd7 {[%clk 1:29:00]} 4. c3 {[%clk 1:28:14]}
Ngf6 {[%clk 1:25:55]} 5. Qe2 {[%clk 1:23:57]} e6 {[%clk 1:23:53]} 6. O-O {[%clk
1:23:03]} a6 {[%clk 1:22:51]} 7. Ba4 {[%clk 1:17:43]} b5 {[%clk 1:20:46]} 8.
Bc2 {[%clk 1:18:03]} Bb7 {[%clk 1:18:46]} 9. d3 {[%clk 1:10:33]} Be7 {[%clk
1:14:34]} 10. h3 {[%clk 1:04:42]} Rc8 {[%clk 1:11:07]} 11. Rd1 {[%clk 0:59:07]}
O-O {[%clk 1:07:33]} 12. Bf4 {[%clk 0:52:36]} e5 {[%clk 1:00:08]} 13. Bh2
{[%clk 0:49:39]} Qc7 {[%clk 0:56:53]} 14. Nbd2 {[%clk 0:48:25]} Ne8 {[%clk
0:53:54]} 15. Rac1 {[%clk 0:44:07]} g6 {[%clk 0:43:57]} 16. d4 {[%clk 0:38:48]}
c4 {[%clk 0:41:34]} 17. Nf1 {[%clk 0:32:34]} f6 {[%clk 0:37:56]} 18. Ne3 {[%clk
0:26:37]} Nb6 {[%clk 0:36:33]} 19. Ne1 {[%clk 0:25:16]} Ng7 {[%clk 0:30:08]}
20. f4 {[%clk 0:23:33]} Ne6 {[%clk 0:26:13]} 21. Qg4 {[%clk 0:20:50]} Nxf4
{[%clk 0:25:12]} 22. Bxf4 {[%clk 0:20:09]} exf4 {[%clk 0:25:38]} 23. Qxf4
{[%clk 0:20:07]} d5 {[%clk 0:23:36]} 24. Qg4 {[%clk 0:18:34]} Kh8 {[%clk
0:19:03]} 25. exd5 {[%clk 0:14:37]} Nxd5 {[%clk 0:18:01]} 26. Nxd5 {[%clk
0:15:05]} Bxd5 {[%clk 0:18:23]} 27. Qe2 {[%clk 0:15:22]} Bd6 {[%clk 0:17:46]}
28. Nf3 {[%clk 0:14:46]} Bf4 {[%clk 0:14:16]} 29. Ra1 {[%clk 0:14:04]} Rce8
{[%clk 0:13:32]} 30. Qf1 {[%clk 0:14:50]} Bg3 {[%clk 0:13:44]} 31. a4 {[%clk
0:13:41]} Re3 {[%clk 0:12:19]} 32. axb5 {[%clk 0:09:11]} axb5 {[%clk 0:12:39]}
33. Kh1 {[%clk 0:08:19]} Qe7 {[%clk 0:07:18]} 34. Ng1 {[%clk 0:06:34]} f5
{[%clk 0:04:26]} 35. Ra5 {[%clk 0:04:24]} Qe8 {[%clk 0:04:07]} 36. Raa1 {[%clk
0:03:04]} f4 {[%clk 0:03:49]} 37. Rd2 {[%clk 0:01:51]} Qe6 {[%clk 0:03:10]} 38.
Re2 {[%clk 0:01:25]} Re8 {[%clk 0:01:26]} 39. Rxe3 {[%clk 0:01:28]} Qxe3 {[%clk
0:01:38]} 40. Bd1 {[%clk 0:01:05]} Qd2 {[%clk 0:00:56]} 41. Bf3 {[%clk
0:27:46]} Bxf3 {[%clk 0:26:36]} 42. Nxf3 {[%clk 0:28:00]} Qxb2 {[%clk 0:23:47]}
43. Rc1 {[%clk 0:25:20]} Re3 {[%clk 0:19:26]} 44. Rb1 {[%clk 0:22:07]} Qc2
{[%clk 0:14:13]} 45. Rxb5 {[%clk 0:20:34]} Rxf3 {[%clk 0:07:19]} 46. Qa1 {[%clk
0:18:17]} Kg7 {[%clk 0:07:16]} 47. Rb7+ {[%clk 0:14:10]} Kh6 {[%clk 0:07:13]}
48. Rb2 {[%clk 0:13:22]} Qxb2 0-1